01378cam a2200301 i 45000010008000000030004000080050017000120080041000290100017000700200028000870400018001150430012001330500009001450820026001542450172001802600051003523000034004035000208004375040039006456500086006847000022007707000024007927100083008169060045008999420012009449990015009569520105009713193334OSt20230627111224.0770913t19781976azua b s101 0 eng  a 77013716  a0816506434.a0816504806 aDLCcDLCdDLC an-usp--00a b 00a333.9/162/097913bPET00aValues and choices in the development of the Colorado River Basin /cedited by Dean F. Peterson and A. Berry Crawford ; collaborating authors, Bahe Billy ... [et al.]. aTucson :bUniversity of Arizona Press,cc1978. axiv, 337 p. :bill. ;c24 cm. aPapers and discussions selected from a symposium held in San Francisco, Feb. 28 and March 1, 1974, and sponsored by the Committee on Arid Lands of the American Association for the Advancement of Science. aIncludes bibliographies and index. 0aWater resources developmentzColorado River Watershed (Colo.-Mexico)xCongresses.1 aPeterson, Dean F.1 aCrawford, A. Berry.2 aAmerican Association for the Advancement of Science.bCommittee on Arid Lands. a7bcbccorignewd1eocipf19gy-gencatlg 2ddccBK c2815d2815 00102ddc4070a002b002d2023-06-27l0o333.9/162/097913 PETp10000337r2023-06-27w2023-06-27yBK